000
00328nam a22001457a 4500
003
CEME
005
20210628205126.0
008
210226b xxu||||| |||| 00| 0 eng d
040
_c
.
082
_a
330 ECO'N
245
_a
Economic analysis handbook
260
_a
USA
_b
US NAVY
_c
1980
300
_a
VIII, V.P
942
_c
BK
_2
ddc
999
_c
579643
_d
579643